00968nam a22001937a 4500003000900000008004100009040007100050082001800121100003100139245007700170260003500247300002600282505034000308650002000648650002100668650002900689650002600718700003000744AR-CdUCM190305b ||||| |||| 00| 0 spa d aMUNICIPALIDAD PROVINCIAL DEL CUSCOcBIBLIOTECA MUNICIPAL DEL CUSCO a333.09 /bD92 aDorner, Peter (compilador) aLa reforma agraria en América Latina :bproblemas y casos concretos /  aMéxico, D.F :bDiana,c1974. a340 paginas ;c24 cm. aLas nuevas direcciones necesarias en el análisis económico para las políticas de desarrollo agrícola -- Reforma agraria y desarrollo -- El caso económico de la reforma agraria: Empleo, distribución del ingreso y productividad -- Legislación de la reforma agraria -- Organización campesina como vehículo de reforma ... aReforma agraria aAmérica Latina aOrganización campesina aDesarrollo agrícola aSánchez G, Mayo Antonio